00554nam a22001457a 4500082001500000100004700015245005700062250004100119260006100160300000800221650003000229942000700259952012500266999001700391 a230.04 RAH aRahner, KarlaCornelius ErnstaKevin Smyth aSacramentum Mundi: An Encyclopedia of Theology Vol:2 aVol-2 Contition to Grace and Freedom aBanglore, IndiabTheological Publications in Indiac1975 a427 aTheology- Catholic Church cBK 001040708REFaHMIbHMIcREFd2015-09-09eDr Andreas D'Souzag0.00l0o230.04 RAHp11-3320r2015-09-09w2026-01-16yBK c19703d19703